000
00279nam a22001337a 4500
008
181025b xxu||||| |||| 00| 0 eng d
020
_a
9781119229407
041
_a
eng
080
_a
004
100
_a
28
101
_a
SHK
245
_a
Java Concepts
_c
Wiley
942
_2
udc
_c
BK
999
_c
50895
_d
50895